| Tag |
First Indicator |
Second Indicator |
Subfields |
| LEADER |
00000cam a2200000 a 4500 |
| 001 |
in00002781130 |
| 005 |
20150922115122.0 |
| 008 |
120503s2012 nyua b 001 0 eng |
| 010 |
|
|
|a 2012017906
|
| 020 |
|
|
|a 9781594203435
|
| 020 |
|
|
|a 1594203431
|
| 035 |
|
|
|a (OCoLC)ocn760974114
|
| 040 |
|
|
|a DLC
|b eng
|c DLC
|d YDX
|d BTCTA
|d BDX
|d YDXCP
|d BUR
|d BWX
|d VP@
|d UtOrBLW
|
| 042 |
|
|
|a pcc
|
| 043 |
|
|
|a n-us---
|a n-us-nc
|
| 049 |
|
|
|a TXAM
|
| 050 |
0 |
0 |
|a HV6248.M178
|b M67 2012
|
| 082 |
0 |
0 |
|a 364.152/3092
|2 23
|
| 100 |
1 |
|
|a Morris, Errol.
|
| 245 |
1 |
2 |
|a A wilderness of error :
|b the trials of Jeffrey MacDonald /
|c Errol Morris ; [illustrations by Niko Skourti].
|
| 264 |
|
1 |
|a New York :
|b Penguin Press,
|c 2012.
|
| 300 |
|
|
|a xviii, 524 pages :
|b illustrations ;
|c 24 cm.
|
| 336 |
|
|
|a text
|b txt
|2 rdacontent
|
| 337 |
|
|
|a unmediated
|b n
|2 rdamedia
|
| 338 |
|
|
|a volume
|b nc
|2 rdacarrier
|
| 504 |
|
|
|a Includes bibliographical references and index.
|
| 520 |
|
|
|a Academy Award-winning documentary filmmaker and former private detective Errol Morris examines the nature of evidence and proof in the infamous Jeffrey MacDonald murder case. In 1979 MacDonald was convicted of the brutal 1970 murder of his wife and two children, and remains in prison today. Since then a number of bestselling books, including Joe McGinniss's Fatal Vision, and a blockbuster television miniseries have attempted to solve and explain the MacDonald case. Here, Morris, who has been investigating the case for nearly two decades, reveals that almost everything we know about it is ultimately flawed, and an innocent man may be behind bars. In a reinvention of the true-crime thriller, Morris looks behind the haze of myth. Drawing on court transcripts, lab reports, and original interviews, he brings a complete forty-year history back to life and allows the reader to explore the case as a detective might by confronting the evidence as if for the first time.--From publisher description.
|
| 600 |
1 |
0 |
|a MacDonald, Jeffrey R.,
|d 1943-
|
| 650 |
|
0 |
|a Murderers
|z United States
|v Case studies.
|
| 650 |
|
0 |
|a Murder
|z North Carolina
|v Case studies.
|
| 948 |
|
|
|a cataloged
|b h
|c 2012/9/21
|d c
|e ceaton
|f 11:19:21 am
|
| 994 |
|
|
|a C0
|b TXA
|
| 999 |
|
|
|a MARS
|
| 999 |
f |
f |
|s 9b647414-728e-3ab9-8012-d0ef463a838c
|i 4dca84fa-59bb-3685-9a5f-1e3f547290cb
|t 0
|
| 952 |
f |
f |
|p normal
|a Texas A&M University
|b College Station
|c Sterling C. Evans Library
|d Evans: Library Stacks
|t 0
|e HV6248.M178 M67 2012
|h Library of Congress classification
|i unmediated -- volume
|m A14841524646
|
| 998 |
f |
f |
|a HV6248.M178 M67 2012
|t 0
|l Evans: Library Stacks
|